000
00220nam a2200097Ia 4500
008
190216s9999||||xx |||||||||||||| ||und||
100
_a
Null
245
0
_a
Hindi-Katha Kusumanjali
260
_b
Rajani Prakasan
942
_c
BK
999
_c
17700
_d
17700